[Event "World Youth Girls U16 2014"]
[Site "Durban RSA"]
[Date "2014.09.20"]
[Round "1.1"]
[White "Ciungan, Diana-Alexandra"]
[Black "Drogovoz, Irina"]
[Result "0-1"]
[WhiteElo "1762"]
[BlackElo "2313"]
[WhiteFideId "1219472"]
[BlackFideId "4176715"]
[EventDate "2014.09.20"]

1. e4 c5 2. Nf3 d6 3. d4 cxd4 4. Nxd4 Nf6 5. Nc3 a6 6. Bc4 e6 7. Bb3 Be7 8. g4
h6 9. f4 Nc6 10. h3 Qc7 11. Be3 b5 12. a3 Bb7 13. Qd3 b4 14. Nxc6 bxc3 15. Nb4
cxb2 16. Rb1 Bxe4 17. Qf1 Bxh1 18. Qxh1 d5 19. Nd3 Ne4 0-1

[Event "World Youth Girls U16 2014"]
[Site "Durban RSA"]
[Date "2014.09.20"]
[Round "1.2"]
[White "Tsolakidou, Stavroula"]
[Black "Kyrkjebo, Hanna B."]
[Result "1-0"]
[WhiteTitle "WFM"]
[WhiteElo "2250"]
[BlackElo "1758"]
[WhiteFideId "4264312"]
[BlackFideId "1511599"]
[EventDate "2014.09.20"]

1. e4 e5 2. Nf3 Nc6 3. Bb5 a6 4. Ba4 Nf6 5. O-O b5 6. Bb3 Be7 7. Re1 d6 8. c3
O-O 9. h3 Na5 10. Bc2 c5 11. d4 Qc7 12. d5 Nc4 13. b3 Nb6 14. a4 bxa4 15. bxa4
Bd7 16. Na3 a5 17. Be3 Rfb8 18. Nd2 Be8 19. f4 Nfd7 20. Nf3 f6 21. Nh4 exf4 22.
Nf5 Ne5 23. Bxf4 Nbc4 24. Nxc4 Nxc4 25. Qg4 Bg6 26. e5 Nxe5 27. Bxe5 fxe5 28.
Nh6+ Kh8 29. Bxg6 hxg6 30. Qxg6 gxh6 31. Qxh6+ Kg8 32. Qg6+ Kh8 33. Re4 Rf8 34.
Qh6+ Kg8 35. Rg4+ Kf7 36. Qg6# 1-0

[Event "World Youth Girls U16 2014"]
[Site "Durban RSA"]
[Date "2014.09.20"]
[Round "1.3"]
[White "Van Zyl, Charlize"]
[Black "Unuk, Laura"]
[Result "0-1"]
[WhiteTitle "WIM"]
[BlackTitle "WFM"]
[WhiteElo "1753"]
[BlackElo "2247"]
[WhiteFideId "14307120"]
[BlackFideId "14609215"]
[EventDate "2014.09.20"]

1. d4 d5 2. c4 c6 3. g3 Nf6 4. Bg2 e6 5. Nf3 dxc4 6. Ne5 Bb4+ 7. Nc3 Nd5 8. Bd2
Nb6 9. Nf3 N8d7 10. O-O O-O 11. Rc1 Be7 12. Na4 Nxa4 13. Qxa4 b5 14. Qc2 Bb7 15.
Rfd1 Qb6 16. Ng5 Nf6 17. Be3 Qa5 18. a4 h6 19. Nh3 Nd5 20. Bd2 Qb6 21. b3 cxb3
22. Qxb3 b4 23. e4 Nf6 24. Nf4 Rad8 25. Be3 Ng4 26. Rb1 Nxe3 27. Qxe3 Qa5 28.
Qb3 Qb6 29. Qe3 c5 30. d5 exd5 31. Nxd5 Bxd5 32. Rxd5 Qc6 33. Qb3 c4 34. Qd1 b3
35. a5 Rb8 0-1

[Event "World Youth Girls U16 2014"]
[Site "Durban RSA"]
[Date "2014.09.20"]
[Round "1.4"]
[White "Narva, Mai"]
[Black "Jain, Shaileja"]
[Result "1-0"]
[WhiteTitle "WCM"]
[WhiteElo "2210"]
[BlackElo "1736"]
[WhiteFideId "4500512"]
[BlackFideId "2089254"]
[EventDate "2014.09.20"]

1. e4 e5 2. Nf3 Nc6 3. Bb5 a6 4. Ba4 Nf6 5. d3 b5 6. Bb3 Bc5 7. O-O h6 8. c3 Ba7
9. d4 d6 10. dxe5 dxe5 11. Qxd8+ Kxd8 12. Bxf7 Ke7 13. Bd5 Bb7 14. b3 Rad8 15.
c4 b4 16. Bb2 Rhf8 17. a3 Nxd5 18. exd5 Nd4 19. Nxd4 exd4 20. axb4 Rf5 21. Nd2
Rdf8 22. Rae1+ Kd7 23. Re4 c6 24. Bxd4 cxd5 25. cxd5 Bxd4 26. Rxd4 Bxd5 27. Nc4
Kc6 28. Ne3 Rg5 29. Rc1+ Kd6 30. Rc5 Re8 31. Rcxd5+ Rxd5 32. Rxd5+ Kc6 33. g3 1-0

[Event "World Youth Girls U16 2014"]
[Site "Durban RSA"]
[Date "2014.09.20"]
[Round "1.5"]
[White "Le Bihan, Alison"]
[Black "Drogovoz, Maria"]
[Result "1/2-1/2"]
[WhiteElo "1714"]
[BlackElo "2167"]
[WhiteFideId "20654570"]
[BlackFideId "4176731"]
[EventDate "2014.09.20"]

1. d4 Nf6 2. Nf3 g6 3. g3 Bg7 4. Bg2 O-O 5. O-O d5 6. c4 dxc4 7. Qa4 c5 8. dxc5
Qc7 9. Qxc4 Na6 10. c6 bxc6 11. Nd4 Bb7 12. Nc3 c5 13. Bxb7 Qxb7 14. Nb3 Rac8
15. Be3 Nd7 16. Rac1 Nb6 17. Qb5 Nc7 18. Nxc5 Nxb5 19. Nxb7 Nxc3 20. bxc3 Bxc3
21. f3 Bb2 22. Rb1 Rc2 23. Kf2 Nc4 24. Nc5 Nxe3 25. Kxe3 Ba3 26. Nd3 Rfc8 27.
Ra1 Bb2 28. Rab1 Ba3 29. Ra1 Bc5+ 30. Nxc5 R8xc5 31. a4 R5c3+ 32. Kf2 Rb3 1/2-1/2

[Event "World Youth Girls U16 2014"]
[Site "Durban RSA"]
[Date "2014.09.20"]
[Round "1.6"]
[White "Bluhm, Sonja Maria"]
[Black "Breedt, Shade"]
[Result "1-0"]
[WhiteTitle "WFM"]
[BlackTitle "WCM"]
[WhiteElo "2155"]
[BlackElo "1693"]
[WhiteFideId "24654027"]
[BlackFideId "14304511"]
[EventDate "2014.09.20"]

1. e4 c5 2. Nf3 d6 3. d4 cxd4 4. Nxd4 Nc6 5. Nc3 g6 6. Be2 Bg7 7. Nf3 Nf6 8. O-O
O-O 9. Bg5 Bd7 10. Re1 Rc8 11. Bf1 Ng4 12. Qd2 a6 13. h3 Nge5 14. Nxe5 Bxe5 15.
Nd5 Be6 16. c3 Re8 17. Rad1 b5 18. Kh1 Bg7 19. Qe3 f6 20. Bh4 Ne5 21. f4 Nc4 22.
Bxc4 Rxc4 23. Bg3 Bxd5 24. Rxd5 e6 25. Rd3 Qc7 26. Red1 Rd8 27. f5 e5 28. fxg6
hxg6 29. Rd5 Kf7 30. Bf2 Ke7 31. Qg3 g5 32. Qg4 Qd7 33. Qh5 Rc6 34. Kg1 Qe8 35.
Qh7 Qg8 36. Qf5 Qe6 37. Qf3 Rf8 38. Qe3 Qd7 39. Qd2 Rd8 40. Be3 Rc4 41. Bb6 Rc6
42. Bxd8+ Qxd8 43. Qe2 Bf8 44. R5d2 Bh6 45. Qh5 Qh8 46. Rd3 Bg7 47. Qe2 Qb8 48.
Qc2 b4 49. c4 Qb6+ 50. Kh1 Bf8 51. Rd5 Ke6 52. Qe2 Qc7 53. b3 Rc5 54. Qh5 Qc6
55. Qh8 Be7 56. Qg8+ Kd7 57. Qf7 Rxd5 58. Rxd5 Qc7 59. c5 Kd8 60. Kh2 Qd7 61.
cxd6 Bxd6 62. Qxf6+ Kc7 63. Qxg5 1-0

[Event "World Youth Girls U16 2014"]
[Site "Durban RSA"]
[Date "2014.09.20"]
[Round "1.7"]
[White "Keskin, Suara"]
[Black "Ghukasyan, Siranush"]
[Result "0-1"]
[WhiteElo "1674"]
[BlackElo "2155"]
[WhiteFideId "6332650"]
[BlackFideId "13300946"]
[EventDate "2014.09.20"]

1. d4 d5 2. Bf4 Nf6 3. c3 e6 4. Nf3 c5 5. Nbd2 b6 6. e3 Be7 7. Bd3 Bb7 8. b3 O-O
9. Qc2 Nbd7 10. O-O Rc8 11. Qb2 Ne4 12. c4 f5 13. Ne5 Bf6 14. Ndf3 g5 15. Nxd7
Qxd7 16. Be5 g4 17. Bxe4 dxe4 18. dxc5 exf3 19. Bxf6 fxg2 20. Rfd1 Qf7 21. Be5
bxc5 22. Rd6 Bf3 23. Rc1 Rfd8 24. Rc2 Rxd6 25. Bxd6 Qg7 26. Be5 Rd8 27. Rc1 Qd7
28. Qa1 Qd3 29. Re1 h5 30. Bc7 Rd7 31. Ba5 Rg7 32. Qf6 Qd7 33. Bc3 Rh7 34. Be5
h4 35. Qg6+ Kf8 36. Bd6+ Qxd6 37. Qxh7 Qd2 38. Qh8+ Kf7 39. Qa1 Kg6 40. Qc1 Qd7
41. Qc2 g3 42. hxg3 hxg3 43. fxg3 Qh7 44. Kf2 g1=Q+ 0-1

[Event "World Youth Girls U16 2014"]
[Site "Durban RSA"]
[Date "2014.09.20"]
[Round "1.8"]
[White "Derakhshani, Dorsa"]
[Black "Sajjadi, Kimiya"]
[Result "1-0"]
[WhiteTitle "WFM"]
[WhiteElo "2148"]
[BlackElo "1665"]
[WhiteFideId "12500330"]
[BlackFideId "1516434"]
[EventDate "2014.09.20"]

1. e4 e6 2. d4 d5 3. Nc3 Bb4 4. e5 c5 5. a3 Bxc3+ 6. bxc3 Ne7 7. Qg4 Nf5 8. Bd3
O-O 9. Nf3 c4 10. Bxf5 exf5 11. Qg3 Kh8 12. Bg5 Qa5 13. O-O Qxc3 14. Ra2 Qa5 15.
Bf6 gxf6 16. exf6 Rg8 17. Ng5 Rg6 18. Nxf7+ Kg8 19. Nh6+ Kh8 20. f7 Nd7 21. Qe5+
Rf6 22. Qxf6+ Nxf6 23. f8=Q+ Ng8 24. Nf7# 1-0

[Event "World Youth Girls U16 2014"]
[Site "Durban RSA"]
[Date "2014.09.20"]
[Round "1.9"]
[White "Kyrkjebo, Marte B."]
[Black "Gazikova, Veronika"]
[Result "0-1"]
[BlackTitle "WFM"]
[WhiteElo "1662"]
[BlackElo "2134"]
[WhiteFideId "1511602"]
[BlackFideId "14919311"]
[EventDate "2014.09.20"]

1. e4 Nf6 2. Nc3 e5 3. Nf3 Nc6 4. Bb5 Bb4 5. O-O O-O 6. d3 d6 7. Bg5 Bxc3 8.
bxc3 Qe7 9. Re1 Nd8 10. d4 Ne6 11. Bc1 c5 12. a4 Nc7 13. Bf1 Bg4 14. Bb2 Ne6 15.
Qd3 Rac8 16. d5 c4 17. Qe3 Bxf3 18. Qxf3 Ng5 19. Qe3 Ngxe4 20. f3 Nc5 21. Bxc4
Ncd7 22. Bb3 Nb6 23. Qd3 Qc7 24. Red1 Nh5 25. a5 Nf4 26. Qe3 Nc4 27. Bxc4 Qxc4
28. Qxa7 Rc5 29. Ba3 Qe2 30. g3 Qg2# 0-1

[Event "World Youth Girls U16 2014"]
[Site "Durban RSA"]
[Date "2014.09.20"]
[Round "1.10"]
[White "Gal, Hanna Krisztina"]
[Black "Du Toit, Sune"]
[Result "1-0"]
[BlackTitle "WFM"]
[WhiteElo "2094"]
[BlackElo "1645"]
[WhiteFideId "711861"]
[BlackFideId "14303639"]
[EventDate "2014.09.20"]

1. e4 e5 2. Nf3 Nc6 3. Bb5 a6 4. Ba4 Nf6 5. O-O d6 6. Re1 Be7 7. c3 O-O 8. d4 b5
9. Bc2 Bg4 10. d5 Na5 11. Nbd2 Nb7 12. b4 a5 13. h3 Bd7 14. a3 c5 15. dxc6 Bxc6
16. Bb2 Nh5 17. Nd4 exd4 18. Qxh5 dxc3 19. Bxc3 axb4 20. axb4 Rxa1 21. Bxa1 h6
22. Nf3 Bf6 23. Nd4 Bxd4 24. Bxd4 Qg5 25. Qxg5 hxg5 26. Be3 f6 27. Bb3+ Kh7 28.
f3 Ra8 29. Kf2 Rc8 30. Rc1 Bd7 31. Rxc8 Bxc8 32. Bb6 d5 33. exd5 Nd6 34. g4 Bb7
35. Ke3 Nc4+ 36. Bxc4 bxc4 37. d6 Bc8 38. Kd4 Kg8 39. Kxc4 Kf7 40. Be3 Ke6 41.
Kc5 Kd7 42. b5 Bb7 43. f4 gxf4 44. Bxf4 Bg2 45. h4 Bf3 46. g5 fxg5 47. hxg5 g6
48. Kb6 Kc8 49. Ka7 Be4 50. b6 Bd5 51. b7+ Bxb7 52. d7+ Kd8 53. Kxb7 Kxd7 54.
Kb6 Ke6 55. Kc6 Kf5 56. Bc1 Ke6 57. Bd2 Ke7 58. Kd5 Kd7 59. Ke5 Ke7 60. Bc1 Kf7
61. Kd6 Kg7 62. Ke6 Kg8 63. Kf6 Kf8 64. Kxg6 Kg8 65. Kh6 1-0

[Event "World Youth Girls U16 2014"]
[Site "Durban RSA"]
[Date "2014.09.20"]
[Round "1.11"]
[White "Gucagaite, Gabriele"]
[Black "Monnisha, GK"]
[Result "0-1"]
[BlackTitle "WFM"]
[WhiteElo "1639"]
[BlackElo "2078"]
[WhiteFideId "12808210"]
[BlackFideId "5009936"]
[EventDate "2014.09.20"]

1. f4 d5 2. g3 Nf6 3. Bg2 c5 4. Nf3 Nc6 5. O-O e6 6. d3 Be7 7. Qe1 O-O 8. c3 Rb8
9. Nbd2 b5 10. e4 d4 11. c4 Ba6 12. b3 Nb4 13. Qe2 Nd7 14. e5 Nb6 15. Ne1 bxc4
16. bxc4 Na4 17. a3 Na2 18. Ne4 Nxc1 19. Rxc1 Rb2 20. Rc2 Rb3 21. Ra2 Qa5 22.
Qd1 Rfb8 23. Nd2 Rb2 24. Rxb2 Nxb2 25. Qg4 Qxd2 0-1

[Event "World Youth Girls U16 2014"]
[Site "Durban RSA"]
[Date "2014.09.20"]
[Round "1.12"]
[White "Bykovtsev, Agata"]
[Black "Guo, Zhi Lin"]
[Result "1/2-1/2"]
[WhiteElo "2059"]
[BlackElo "1632"]
[WhiteFideId "2046547"]
[BlackFideId "3216381"]
[EventDate "2014.09.20"]

1. e4 c5 2. Nf3 Nf6 3. Nc3 d5 4. exd5 Nxd5 5. Bc4 e6 6. O-O Be7 7. Re1 Nc6 8.
Ne4 O-O 9. c3 Na5 10. Bf1 Nf6 11. Qc2 Qd5 12. Bd3 h6 13. Nxf6+ Bxf6 14. Be4 Qd6
15. b3 Rb8 16. Bb2 Nc6 17. Rad1 Rd8 18. d4 cxd4 19. cxd4 Nb4 20. Qb1 Nd5 21. Ne5
b6 22. Bh7+ Kf8 23. Qc1 Bb7 24. Ba3 Nb4 25. Qd2 a5 26. Nd3 Be7 27. Qe2 Qd5 28.
Be4 Qxe4 29. Qxe4 Bxe4 30. Bxb4 Rxd4 31. Bxe7+ Kxe7 32. Ne5 Rxd1 33. Rxd1 Rd8
34. Rxd8 Kxd8 35. Nxf7+ Ke7 36. Ne5 b5 37. f4 Kd6 38. a4 bxa4 39. bxa4 Kc5 40.
Kf2 Bc2 41. Ke3 Bxa4 42. Kd3 Bb5+ 43. Kc3 Kd5 44. Nf3 Bf1 45. g3 Bg2 46. Nd2 e5
47. fxe5 Kxe5 48. Nc4+ Ke4 49. Nxa5 Kf5 50. Nc4 Kg5 51. Ne3 Bh3 52. Kd4 Kf6 53.
Ke4 Be6 54. h4 1/2-1/2

[Event "World Youth Girls U16 2014"]
[Site "Durban RSA"]
[Date "2014.09.20"]
[Round "1.13"]
[White "Peng, Xinbei"]
[Black "Mahalakshmi, M"]
[Result "0-1"]
[BlackTitle "WFM"]
[WhiteElo "1626"]
[BlackElo "2048"]
[WhiteFideId "8607680"]
[BlackFideId "5001080"]
[EventDate "2014.09.20"]

1. e4 c6 2. d3 d5 3. Qe2 g6 4. g3 Bg7 5. Bg2 d4 6. f4 c5 7. Nf3 Nc6 8. e5 e6 9.
Nbd2 Nge7 10. O-O O-O 11. Ne4 b6 12. Nfd2 Ba6 13. b3 Nd5 14. Nc4 Qc7 15. Bd2
Rfd8 16. a4 Nce7 17. g4 Bb7 18. Ncd6 Bc6 19. Qf2 Nc8 20. Rae1 Nxd6 21. Nxd6 Ne7
22. Ne4 Bxe4 23. Bxe4 Rab8 24. h4 Rf8 25. h5 f5 26. exf6 Rxf6 27. hxg6 hxg6 0-1

[Event "World Youth Girls U16 2014"]
[Site "Durban RSA"]
[Date "2014.09.20"]
[Round "1.14"]
[White "Virkud, Apurva"]
[Black "Bashaer, Khalil"]
[Result "1-0"]
[WhiteTitle "WCM"]
[BlackTitle "WCM"]
[WhiteElo "2041"]
[BlackElo "1618"]
[WhiteFideId "2050820"]
[BlackFideId "9304843"]
[EventDate "2014.09.20"]

1. d4 d5 2. c4 e6 3. Nc3 Nf6 4. cxd5 exd5 5. Bg5 Nbd7 6. e3 Be7 7. Bd3 O-O 8.
Nge2 c6 9. O-O Re8 10. Qc2 Nf8 11. Rab1 a5 12. a3 Bd6 13. Ng3 h6 14. Bxf6 Qxf6
15. Na4 Qd8 16. b4 axb4 17. axb4 h5 18. Nf5 Bxf5 19. Bxf5 Qg5 20. Bd3 Re6 21.
Nc5 Bxc5 22. bxc5 Rb8 23. Rb2 Ng6 24. f4 1-0

[Event "World Youth Girls U16 2014"]
[Site "Durban RSA"]
[Date "2014.09.20"]
[Round "1.15"]
[White "Methmani, Nelunika"]
[Black "Haussernot, Cecile"]
[Result "0-1"]
[WhiteTitle "WIM"]
[BlackTitle "WFM"]
[WhiteElo "1614"]
[BlackElo "2011"]
[WhiteFideId "9910050"]
[BlackFideId "601632"]
[EventDate "2014.09.20"]

1. d4 Nf6 2. c4 e6 3. Nf3 c5 4. d5 b5 5. dxe6 fxe6 6. Nc3 b4 7. Nb1 Be7 8. g3
O-O 9. Bg2 Bb7 10. O-O Nc6 11. b3 Qb6 12. Bb2 Rad8 13. Qc2 d5 14. Bh3 Bc8 15. e3
d4 16. exd4 cxd4 17. Nbd2 d3 18. Qb1 Bc5 19. Ne1 Bxf2+ 20. Rxf2 Ng4 21. c5 Qxc5
22. Ne4 Qe3 23. Bxg4 Qxe4 24. Bf3 Qe3 25. Kg2 Bb7 26. Qd1 d2 27. Nc2 Qd3 28. Kg1
Rf5 29. Be2 Qe4 30. Bf3 Rxf3 31. Rxf3 Ne7 32. Ne1 dxe1=Q+ 33. Qxe1 Qxf3 34.
Qxe6+ Kf8 35. Rf1 Rd1 36. Bxg7+ Ke8 0-1

[Event "World Youth Girls U16 2014"]
[Site "Durban RSA"]
[Date "2014.09.20"]
[Round "1.16"]
[White "Abdusattorova, Bakhora"]
[Black "Maouchi, Amina"]
[Result "1-0"]
[WhiteTitle "WFM"]
[WhiteElo "2008"]
[BlackElo "1613"]
[WhiteFideId "14204126"]
[BlackFideId "7900929"]
[EventDate "2014.09.20"]

1. d4 d5 2. c4 c6 3. cxd5 cxd5 4. Bf4 Nc6 5. e3 Nf6 6. Nc3 e6 7. Rc1 Bd6 8. Bxd6
Qxd6 9. Bd3 O-O 10. f4 Qe7 11. Nf3 h6 12. O-O Ng4 13. Qe2 Bd7 14. h3 Nf6 15. a3
Ne8 16. g4 f6 17. Bb1 Nd6 18. b4 Nc4 19. b5 N6a5 20. a4 a6 21. Nh4 Be8 22. f5
Qd6 23. fxe6 Qxe6 24. Rf3 Nb3 25. Rd1 axb5 26. axb5 Qe7 27. Nxd5 Qd6 28. Nf5 Qd8
29. Qxc4 Bf7 30. Qxb3 Bxd5 31. Qxd5+ 1-0

[Event "World Youth Girls U16 2014"]
[Site "Durban RSA"]
[Date "2014.09.20"]
[Round "1.17"]
[White "Ranasinghe, Thinithi Sahanika"]
[Black "Egorova, Ayyyna"]
[Result "1-0"]
[BlackTitle "WCM"]
[WhiteElo "1596"]
[BlackElo "1992"]
[WhiteFideId "9914382"]
[BlackFideId "24136611"]
[EventDate "2014.09.20"]

1. c4 f5 2. Nc3 Nf6 3. d4 g6 4. g3 Bg7 5. Bg2 O-O 6. e3 d6 7. Nge2 Nc6 8. Rb1 e5
9. O-O e4 10. b4 g5 11. Qb3 Qe8 12. a4 Qh5 13. c5+ Kh8 14. b5 Ne7 15. cxd6 cxd6
16. Ba3 Ne8 17. Qd1 Rf6 18. Nc1 g4 19. h4 Rh6 20. N1e2 Ng6 21. Nd5 Nxh4 22. gxh4
Qxh4 23. Re1 Be6 24. Ndf4 Bc4 25. Rc1 d5 26. Rxc4 dxc4 27. Ng3 Qg5 28. Bb4 Rc8
29. Qd2 Nc7 30. Rc1 Ne6 31. Nxe6 Rxe6 32. Ne2 h5 33. d5 Ree8 34. d6 Red8 35. Nf4
Rd7 36. Ne6 Qf6 37. Nxg7 Rxg7 38. Bc3 Qf7 39. Bxg7+ Kxg7 40. Qd4+ Kh7 41. Qxa7
h4 42. Qd4 h3 43. Bf1 h2+ 44. Kxh2 Qh5+ 45. Kg1 g3 46. fxg3 Rg8 47. Rc2 Rxg3+
48. Rg2 Rxg2+ 49. Bxg2 c3 50. Qxc3 Qd1+ 51. Kf2 Qxd6 52. Qd4 Qe7 53. Qd5 Kg6 54.
Qg8+ Kh6 55. Qh8+ Kg6 56. Bf1 Qb4 57. Qg8+ Kf6 58. Qd8+ Kg6 59. Qb6+ Kg5 60.
Qxb7 Qb2+ 61. Be2 Qe5 62. Qh7 1-0

[Event "World Youth Girls U16 2014"]
[Site "Durban RSA"]
[Date "2014.09.20"]
[Round "1.18"]
[White "Wozniak, Mariola"]
[Black "Zhang, Manxuan"]
[Result "1/2-1/2"]
[WhiteTitle "WCM"]
[WhiteElo "1992"]
[BlackElo "1593"]
[WhiteFideId "1152050"]
[BlackFideId "2619504"]
[EventDate "2014.09.20"]

1. e4 c5 2. Nf3 Nc6 3. d4 cxd4 4. Nxd4 Qb6 5. Nb3 Nf6 6. Nc3 e6 7. Bd3 Be7 8.
O-O d6 9. Be3 Qc7 10. f4 a6 11. a4 b6 12. Qe2 O-O 13. Rae1 Re8 14. Nd2 Nd7 15.
Nf3 Bf6 16. Bd2 Nd4 17. Nxd4 Bxd4+ 18. Kh1 Bb7 19. Nd1 Nc5 20. b3 Nxd3 21. Qxd3
Bf6 22. c4 Rad8 23. Nc3 Rc8 24. Rd1 Red8 25. Ne2 d5 26. cxd5 exd5 27. e5 Be7 28.
Nd4 Bc5 29. Be3 Bxd4 30. Bxd4 Qc2 31. Bxb6 Qxd3 32. Rxd3 Rd7 33. Bd4 Rc2 34. Rc3
Rxc3 35. Bxc3 d4 36. Ba5 d3 37. Kg1 d2 38. Rd1 Be4 39. Rxd2 Rxd2 40. Bxd2 Bc2
41. a5 Bxb3 42. Bb4 h5 43. Kf2 Be6 44. Kg3 g6 45. Be7 Kg7 46. Kh4 Bd7 47. h3 Be6
48. Kg5 Bd7 49. g4 hxg4 50. hxg4 Bc8 51. f5 gxf5 52. gxf5 Bd7 53. Kf4 Bc8 1/2-1/2

[Event "World Youth Girls U16 2014"]
[Site "Durban RSA"]
[Date "2014.09.20"]
[Round "1.19"]
[White "Tao, Rachel Long-Xin"]
[Black "Zhang, Lanlin"]
[Result "0-1"]
[WhiteElo "1592"]
[BlackElo "1988"]
[WhiteFideId "2616300"]
[BlackFideId "8608032"]
[EventDate "2014.09.20"]

1. e4 c5 2. Nf3 d6 3. c4 Nc6 4. d4 cxd4 5. Nxd4 Nf6 6. Nc3 g6 7. Be2 Bg7 8. Be3
O-O 9. O-O Bd7 10. Rc1 Rc8 11. f4 Re8 12. b3 a6 13. Bf3 Nxd4 14. Bxd4 e5 15.
fxe5 dxe5 16. Bf2 b5 17. Nd5 Nxd5 18. cxd5 Rxc1 19. Qxc1 Qa5 20. Qb2 Bf8 21. Be3
Qa3 22. Qf2 Rc8 23. Bd1 Be8 24. Bg4 Rc3 25. Bd7 Qe7 26. Bxe8 Qxe8 27. Qd2 b4 28.
Bb6 Qb5 29. Bf2 Qb8 30. h3 Qc7 31. Rd1 Bd6 32. Qe2 a5 33. Be1 Re3 34. Qc4 Qxc4
35. bxc4 Rxe4 36. Rc1 a4 37. c5 Bxc5+ 38. Rxc5 Rxe1+ 39. Kf2 Rd1 40. Ra5 a3 41.
Ke2 Rd4 42. Rb5 Kg7 43. Ke3 h5 44. d6 Rxd6 45. Rxb4 Ra6 46. Rb5 Kf6 47. Ke4 Ra4+
48. Kd3 Kf5 49. g3 h4 50. g4+ Kf4 51. Ke2 Ra6 52. Rb4+ e4 53. Rb3 f5 54. gxf5
gxf5 55. Re3 Ra5 56. Kf2 Rb5 57. Rxa3 Rb2+ 58. Ke1 e3 59. Ra4+ Kf3 0-1

[Event "World Youth Girls U16 2014"]
[Site "Durban RSA"]
[Date "2014.09.20"]
[Round "1.20"]
[White "Varshini, V"]
[Black "Marx, Inge"]
[Result "1-0"]
[WhiteTitle "WFM"]
[WhiteElo "1987"]
[BlackElo "1488"]
[WhiteFideId "5091241"]
[BlackFideId "14306271"]
[EventDate "2014.09.20"]

1. e4 c5 2. Nc3 d6 3. g3 Nf6 4. Bg2 g6 5. d3 Bg7 6. Nge2 O-O 7. O-O Nc6 8. h3
Rb8 9. f4 Qc7 10. g4 b5 11. Ng3 Nd4 12. g5 Nd7 13. Nd5 Qd8 14. f5 Bb7 15. c3 Nc6
16. f6 Bh8 17. h4 Nb6 18. fxe7 Nxe7 19. Nf6+ Bxf6 20. gxf6 Nc6 21. Bh6 Re8 22.
Qd2 Nd7 23. Bg7 Nce5 24. d4 Ng4 25. Qg5 Bc8 26. Qxg4 Nxf6 27. Bxf6 Bxg4 28. Bxd8
Rbxd8 29. Bf3 Bxf3 30. Rxf3 cxd4 31. cxd4 d5 32. e5 b4 33. Raf1 Re7 34. Rc1 Rb7
35. Rc5 Rbb8 36. Rf6 b3 37. a3 Rb7 38. Rd6 Rxd6 39. exd6 Rd7 40. Rxd5 f5 41. Ne2
Kf7 42. Kf2 a6 43. Ke3 h6 44. Kd3 Kf6 45. Kc4 g5 46. hxg5+ hxg5 47. Kc5 f4 48.
Kc6 Rd8 49. d7 f3 50. Ng3 Kf7 51. Kc7 1-0

[Event "World Youth Girls U16 2014"]
[Site "Durban RSA"]
[Date "2014.09.20"]
[Round "1.21"]
[White "Padayachee, Keyana Chloe"]
[Black "Beinenson, Katsiaryna"]
[Result "0-1"]
[WhiteTitle "WCM"]
[BlackTitle "WFM"]
[WhiteElo "1478"]
[BlackElo "1980"]
[WhiteFideId "14306433"]
[BlackFideId "13507044"]
[EventDate "2014.09.20"]

1. e4 c5 2. Nf3 Nc6 3. d4 cxd4 4. Nxd4 Nf6 5. Nc3 e5 6. Nf5 d6 7. Ne3 Be7 8. Bc4
a6 9. Ned5 b5 10. Bb3 O-O 11. O-O Rb8 12. Nxf6+ Bxf6 13. Nd5 Bg5 14. c3 Kh8 15.
Qh5 Bxc1 16. Raxc1 f5 17. f4 g6 18. Qh6 Be6 19. exf5 Rxf5 20. fxe5 dxe5 21. Rxf5
Bxf5 22. Ne3 Bd3 23. Rd1 e4 24. Bd5 Qf6 25. Ng4 Qd6 26. Ne3 Qc5 27. Kh1 Rd8 28.
Qf4 Rf8 29. Qh6 Ne5 30. Qg5 Qc7 31. Qg3 Qe7 32. Ng4 Be2 33. Re1 Bxg4 34. h3 Bf5
35. Bxe4 Bxe4 36. Rxe4 Rf5 37. Qe3 Qf6 38. g4 Rf3 39. Qc5 Rxh3+ 40. Kg1 Rg3+ 41.
Kh2 Qh4# 0-1

[Event "World Youth Girls U16 2014"]
[Site "Durban RSA"]
[Date "2014.09.20"]
[Round "1.22"]
[White "Fesselier, Melissa"]
[Black "Liao, Jo-Yu"]
[Result "1-0"]
[WhiteElo "1966"]
[BlackElo "1438"]
[WhiteFideId "20689284"]
[BlackFideId "16300459"]
[EventDate "2014.09.20"]

1. e4 e5 2. Nf3 Nc6 3. Bc4 Bc5 4. c3 Nf6 5. d3 d6 6. Bb3 h6 7. Nbd2 O-O 8. h3 a6
9. Nf1 Be6 10. Bc2 d5 11. Qe2 Re8 12. Ng3 Bd6 13. O-O b5 14. Rd1 dxe4 15. dxe4
Bc4 16. Bd3 Bxd3 17. Qxd3 Nh7 18. Be3 Ne7 19. Nh4 Nf8 20. Qe2 Nfg6 21. Nhf5 Nxf5
22. Nxf5 Qf6 23. Qg4 Kh7 24. Rd2 Ne7 25. Nxd6 cxd6 26. Rad1 Nc8 27. Rd3 Qe6 28.
Qh5 Qxa2 29. Rd5 Rf8 30. R1d3 Qxb2 31. Bxh6 gxh6 32. Qf5+ Kh8 33. Qf6+ Kh7 34.
Rg3 Qc1+ 35. Kh2 Qf4 36. Qg7# 1-0

[Event "World Youth Girls U16 2014"]
[Site "Durban RSA"]
[Date "2014.09.20"]
[Round "1.23"]
[White "Nyashanu, Cynthia"]
[Black "Fuskova, Martina"]
[Result "0-1"]
[WhiteElo "1400"]
[BlackElo "1961"]
[WhiteFideId "11001208"]
[BlackFideId "300063"]
[EventDate "2014.09.20"]

1. d4 Nf6 2. Bf4 e6 3. Nf3 c5 4. e3 Nc6 5. Nc3 Qa5 6. Be2 Nd5 7. Qd2 Nxf4 8.
exf4 cxd4 9. Nxd4 Bc5 10. Nb3 Qb6 11. Nxc5 Qxc5 12. Ne4 Qb4 13. Nd6+ Ke7 14. Nc4
Qxd2+ 15. Nxd2 d5 16. O-O Bd7 17. c3 Rac8 18. Rfe1 Rhd8 19. Bd3 Kf8 20. Nb3 Rc7
21. Nc5 Ne7 22. Nxd7+ Rcxd7 23. Rad1 Nc6 24. f5 e5 25. Bb5 f6 26. Bxc6 bxc6 27.
h3 c5 28. b3 d4 29. Rd3 g6 30. fxg6 hxg6 31. Red1 e4 32. Rg3 Kf7 33. cxd4 cxd4
34. Kf1 Rc8 35. f3 e3 36. Rg4 d3 37. Ke1 e2 38. Rb1 d2+ 39. Kxe2 Rc1 40. Rxc1
dxc1=Q 41. Rc4 Rd2+ 42. Ke3 Qe1+ 43. Kf4 Qe5+ 44. Kg4 Qg5# 0-1